| 000 | 00603nam a2200241Ia 4500 | ||
|---|---|---|---|
| 003 | OSt | ||
| 005 | 20220918190733.0 | ||
| 006 | a|||||r|||| 00| 0 | ||
| 007 | ta | ||
| 008 | 220917b |||||||| |||| 00| 0 eng d | ||
| 024 | _a59,231 | ||
| 037 | _cTextual | ||
| 040 |
_aARTS _cARTS _beng |
||
| 041 |
_2eng _aeng |
||
| 082 | _aQ1:417x, 122J6 | ||
| 100 |
_aRenou Louis _947956 |
||
| 245 | 0 | _aHymnes speculatifs du ved | |
| 260 | _c1956 | ||
| 490 | _aConnaissnance de l'orient | ||
| 650 | _aRELIGION | ||
| 942 |
_hQ1:417x, 122J6 _cTEXL _2CC |
||
| 999 |
_c186610 _d186610 |
||